LIBRARY & INFORMATION CENTRE, KCAET, TAVANUR

ONLINE PUBLIC ACCESS CATALOGUE (OPAC)

Theoretical principles of inorganic chemistry / (Record no. 7188)

MARC details
000 -LEADER
fixed length control field 00483cam a2200181ua 4500
020 ## - INTERNATIONAL STANDARD BOOK NUMBER
ISBN 0-07-096500-5
041 ## - LANGUAGE CODE
Language code of text/sound track or separate title eng
082 ## - DEWEY DECIMAL CLASSIFICATION NUMBER
Classification number 546
Item number MAN/TH
100 ## - MAIN ENTRY--AUTHOR NAME
Personal name Manku, G S .
245 ## - TITLE STATEMENT
Title Theoretical principles of inorganic chemistry /
260 ## - PUBLICATION, DISTRIBUTION, ETC. (IMPRINT)
Place of publication New Delhi :
Name of publisher Tata Mc-Graw Hill Publishing Company ,
Year of publication 1980.
300 ## - PHYSICAL DESCRIPTION
Number of Pages 563 ; .
500 ## - GENERAL NOTE
General note *CSS
942 ## - ADDED ENTRY ELEMENTS (KOHA)
Koha item type Books
Holdings
Withdrawn status Lost status Damaged status Home library Current library Shelving location Date acquired Full call number Accession Number Koha item type
      KAUAET KAUAET Scheme 26/07/2018 546 MAN/TH 19168 Book Bank scheme for SC students
free website counter